Control de calidad / Richard C. Vaughn (Registro nro. 23562)
[ vista simple ]
| 000 -LÍDER | |
|---|---|
| fixed length control field | 00316nam a2200109 4500 |
| 082 ## - NUMERO DE CLASIFICACION DECIMAL DEWEY | |
| Número de Clasificación | 658.568 V138c |
| 100 ## - ASIENTO PRINCIPAL--NOMBRE PERSONAL | |
| Nombre personal | Vaughn, Richard C. |
| 245 ## - TÍTULO | |
| Título | Control de calidad / Richard C. Vaughn |
| 260 ## - PUBLICACIÓN, DISTRIBUCIÓN, ETC. (PIE DE IMPRENTA) | |
| Lugar de publicación, distribución, etc. | Mexico : Limusa |
| 300 ## - DESCRIPCIÓN FÍSICA | |
| Extensión | 293p. / 22 cm. |
| 650 ## - ASIENTO SECUNDARIO DE MATERIA - TERMINO TEMÁTICO | |
| Término temático o nombre geográfico como elemento de entrada | 1. CONTROL DE CALIDAD \ 2. CONTROL DE LA VARIEDAD DEL PROCESO |
| No. biblioteca | No. biblioteca | Número de clasificación | Código de barras/Número de adquisición | Número de copia | Tipo de material |
|---|---|---|---|---|---|
| LUIS G. INCLAN | LUIS G. INCLAN | 658.568 V138c | 7162 | 3 | Libros |
| LUIS G. INCLAN | LUIS G. INCLAN | 658.568 V138c | 16820 | 7 | Libros |
| LUIS G. INCLAN | LUIS G. INCLAN | 658.568 V138c | 16823 | 10 | Libros |
| LUIS G. INCLAN | LUIS G. INCLAN | 658.568 V138c | 16818 | 5 | Libros |
| LUIS G. INCLAN | LUIS G. INCLAN | 658.568 V138c | 7161 | 2 | Libros |
| LUIS G. INCLAN | LUIS G. INCLAN | 658.568 V138c | 16821 | 8 | Libros |
| LUIS G. INCLAN | LUIS G. INCLAN | 658.568 V138c | 16819 | 6 | Libros |
